Five Letter Geography - R - Statistics

General Stats
  • This quiz has been taken 64 times
  • The average score is 7 of 10
Answer Stats
Hint Answer % Correct
Capital city of Morocco Rabat
96%
It refers to outside of a city, the opposite of urban Rural
96%
Body of water that flows to the sea, or to a lake River
93%
Swiss luxury watchmaker based in Geneva, founded by Hans Wilsdorf Rolex
93%
Flows through Switzerland, Austria, Germany, France, etc... Rhine
91%
Long European body of water flowing through France and Switzerland Rhone
85%
Norwegian explorer who led the first expedition to the South Pole {Roald} Amundsen
70%
A long stretch of mountains alongside one another Range
61%
A city and department of Nicaragua Rivas
6%
The largest of the Kermadec Islands in New Zealand Raoul
4%
No matching quizzes found
Score Distribution
Percent of People with Each Score
Percentile by Number Answered
Your Score History
You have not taken this quiz